Some basic facts about the English speaking countries

Bibliographic Details
Main Authors: Chudý, Tomáš (Author), Chudá, Jana (Author)
Format: Book
Language:English
PhysicalDescription:80 s. obr., tab. 29 cm
Published: Bratislava Príroda 2001
ISBN:8007004718
Series:Maturita z angličtiny
Subjects:

MARC

LEADER 00000nam a2200000 a 4500
001 vtls001431847
003 SK-MaSNL
005 20260301013241.0
008 251113s2001 xo a r y eng
015 |a SNBA2002/12-04075 
020 |a 8007004718 
035 |a SNK000386895 
035 |a urn:nbn:sk:snk-amlu2c 
035 |a urn:nbn:sk:snk-am00cccr 
035 |a 1EE1AE6D-B28E-4111-8D65-85AC3FAA45E3 
040 |a SNK  |b slo  |c SNK  |e AACR2 
041 0 |a eng 
044 |a xo  |c SK 
080 |a 802.0(035)  |2 1981 
100 1 |a Chudý, Tomáš  |4 aut  |9 66079 
245 1 |a Some basic facts  |b about the English speaking countries  |c Tomáš Chudý a Jana Chudá 
260 |a Bratislava  |b Príroda  |c 2001 
300 |a 80 s.  |b obr., tab.  |c 29 cm 
490 1 |a Maturita z angličtiny 
500 |a Tiráž slov. 
650 0 7 |a angličtina  |x skúšky maturitné  |x príručky  |2 SNK  |9 299674 
655 7 |a príručky  |2 SNK  |9 74364 
700 1 |a Chudá, Jana  |4 aut  |9 66080 
830 0 |a Maturita z angličtiny  |9 299675 
919 |a 80-07-00471-8 
958 |a TL 
999 |c 555608  |d 557538 
952 |t P60, <03>, [BOOK], {603}  |a SNK  |b SNK  |y PREZ  |7 0  |p 17A0338676  |o snkSB 64841  |i snkKSP 3842/2002  |0 0  |1 0  |4 0  |d 2002-04-09  |f 1  |l 0  |r 2025-04-14 00:00:00  |w 2026-02-23 
952 |a SNK  |b SNK  |y VYP  |7 0  |p 17A0338677  |o snkSB 64841 D1  |i snkKSP 3843/2002  |3 Popísaná  |0 0  |1 0  |4 0  |d 2002-04-09  |l 0  |r 2005-01-02 00:00:00  |w 2026-02-23